000 00576nam a22001937a 4500
003 LK-CoDNM
005 20241021123430.0
008 241021b |||||||| |||| 00| 0 eng d
040 _aLK-CoDNM
_dLK-CoDNM
_eLK-CoDNM
041 _asin
080 _aප්‍ර.බ
_b32.10
100 _aUnknown
245 _aබෞඬ ළමයා 17 කාණ්ඩය 9-12 කලාපය 1954
260 _aකොළඹ
_c1952
650 _aප්‍ර.බ 32.9
650 _aබෞඬ ළමයා
650 _a17 කාණ්ඩය ‍9-12 කලාපය 1954
942 _cBK
999 _c220459
_d220459